Nghiên cứu cấu trúc điện tử của penta-silicene đa lớp bằng phương pháp phiếm hàm mật độ dựa trên liên kết mạnh : Luận văn tốt nghiệp Cao học. Chuyên ngành Toán giải tích

Nghiên cứu nhằm mục đích tìm hiểu và khảo sát tính chất điện tử của màng và dãy penta-silicene hai lớp kiểu xếp chồng AB làm cơ sở tham khảo để tạo ra vật liệu ứng dụng tốt cho các linh kiện vi điện tử dựa trên penta-silicene....

وصف كامل

محفوظ في:
التفاصيل البيبلوغرافية
المؤلف الرئيسي: Võ, Minh Tiến
التنسيق: كتاب
اللغة:Undetermined
منشور في: Cần Thơ Trường Đại học Cần Thơ 2019
الموضوعات:
الوسوم: إضافة وسم
لا توجد وسوم, كن أول من يضع وسما على هذه التسجيلة!
Thư viện lưu trữ: Trung tâm Học liệu Trường Đại học Cần Thơ
LEADER 01207nam a2200217Ia 4500
001 CTU_232627
008 210402s9999 xx 000 0 und d
082 |a 620.193 
082 |b T305 
088 |a 8440103 
100 |a Võ, Minh Tiến 
245 0 |a Nghiên cứu cấu trúc điện tử của penta-silicene đa lớp bằng phương pháp phiếm hàm mật độ dựa trên liên kết mạnh : 
245 0 |b Luận văn tốt nghiệp Cao học. Chuyên ngành Toán giải tích 
245 0 |c Võ Minh Tiến ; Huỳnh Anh Huy (Cán bộ hướng dẫn) 
260 |a Cần Thơ 
260 |b Trường Đại học Cần Thơ 
260 |c 2019 
520 |a Nghiên cứu nhằm mục đích tìm hiểu và khảo sát tính chất điện tử của màng và dãy penta-silicene hai lớp kiểu xếp chồng AB làm cơ sở tham khảo để tạo ra vật liệu ứng dụng tốt cho các linh kiện vi điện tử dựa trên penta-silicene. 
650 |a Nanosilicon,Nanosilicon 
910 |b nthai 
980 |a Trung tâm Học liệu Trường Đại học Cần Thơ